Gaming Quiz

Random Gaming or Pokémon Quiz
Score 0/151 Timer 05:00
9 Plays Today
Pokémon % Correct
Charizard
92.6%
Charmander
92.6%
Charmeleon
92.6%
Chansey
92.5%
Bulbasaur
87.9%
Pikachu
86.5%
Venusaur
82.4%
Venomoth
82.4%
Venonat
82.4%
Squirtle
80.8%
Mew
78.3%
Mewtwo
78.3%
Ivysaur
77.6%
Weedle
76.2%
Weepinbell
76.1%
Weezing
76.1%
Blastoise
75.5%
Goldeen
74.8%
Golem
74.8%
Golduck
74.8%
Golbat
74.8%
Abra
73.5%
Magikarp
73.5%
Magmar
73.5%
Magnemite
73.5%
Magneton
73.5%
Wartortle
72.8%
Raichu
72.4%
Articuno
71.2%
Zapdos
70.5%
Alakazam
69.6%
Pidgeot
68%
Pidgeotto
68%
Pidgey
68%
Caterpie
67.6%
Moltres
66.9%
Butterfree
66.6%
Kadabra
65.3%
Beedrill
64.3%
Geodude
63.6%
Electabuzz
62.2%
Electrode
62.2%
Metapod
62.1%
Kakuna
61.1%
Dragonair
59.8%
Dragonite
59.8%
Dratini
59.8%
Nidoking
58.7%
Nidoqueen
58.7%
Nidorina
58.7%
Nidorino
58.7%
Pokémon % Correct
Nidoran♀
58.7%
Nidoran♂
58.7%
Eevee
58.6%
Graveler
57.8%
Zubat
57.7%
Raticate
57.3%
Rattata
57.3%
Arbok
57.1%
Arcanine
56.4%
Flareon
56.2%
Gastly
56.1%
Vaporeon
55.7%
Jolteon
54.8%
Seaking
54.7%
Seadra
54.7%
Haunter
54.5%
Jigglypuff
54.4%
Ekans
54.1%
Gengar
53.8%
Gyarados
53.1%
Voltorb
52.8%
Bellsprout
52.4%
Growlithe
52.2%
Spearow
51.9%
Machamp
51.7%
Machoke
51.7%
Machop
51.7%
Fearow
51.2%
Onix
50.9%
Jynx
50.8%
Diglett
50.6%
Meowth
50.6%
Oddish
49.2%
Gloom
49.1%
Wigglytuff
48.8%
Victreebel
48.2%
Vulpix
48.1%
Dugtrio
48%
Ninetales
47.8%
Lapras
47.7%
Clefable
47.5%
Clefairy
47.5%
Starmie
47.3%
Staryu
47.3%
Psyduck
46.8%
Snorlax
46.8%
Poliwag
46.7%
Poliwhirl
46.7%
Poliwrath
46.7%
Vileplume
45.9%
Koffing
45.5%
Pokémon % Correct
Ponyta
45.5%
Kabuto
45.4%
Kabutops
45.3%
Persian
44.4%
Aerodactyl
44.2%
Rapidash
43.9%
Omanyte
43.5%
Omastar
43.5%
Hitmonchan
43.4%
Hitmonlee
43.4%
Kangaskhan
43.2%
Sandshrew
42.8%
Sandslash
42.8%
Seel
42.6%
Muk
42.3%
Scyther
42.3%
Tauros
42.2%
Mankey
41.8%
Dodrio
41.4%
Doduo
41.4%
Mr. Mime
41.2%
Horsea
41.2%
Dewgong
39.7%
Ditto
39.7%
Farfetch'd
39.2%
Grimer
39.2%
Paras
37.5%
Parasect
37.5%
Tentacool
36.9%
Tentacruel
36.9%
Exeggcute
36.9%
Exeggutor
36.9%
Pinsir
36.7%
Slowbro
36.4%
Slowpoke
36.4%
Primeape
36%
Rhydon
36%
Rhyhorn
36%
Porygon
35.7%
Drowzee
35.2%
Tangela
34.7%
Hypno
34.2%
Kingler
34.1%
Marowak
33.8%
Cloyster
33.2%
Cubone
33.1%
Shellder
32.4%
Krabby
32.1%
Lickitung
28.6%
Come Together.
Have Fun.
All Virtual.
We all need to come together. Play Sporcle's virtual live trivia to have fun, connect with people, and get your trivia on. Join a live hosted trivia game for your favorite pub trivia experience done virtually. If a virtual private party is more your thing, go here for details.

You're not logged in!

Compare scores with friends on all Sporcle quizzes.
OR
Log In

Sporcle TV

Today on Sporcle TV


Watch our educational content, quiz creation guides, and fun videos on Sporcle TV.

Show Comments

Extras

Top Quizzes Today


Score Distribution

Paid Content

Your Account Isn't Verified!

In order to create a playlist on Sporcle, you need to verify the email address you used during registration. Go to your Sporcle Settings to finish the process.

Report this User

Report this user for behavior that violates our Community Guidelines.

Details: